000 00391nam a2200145Ia 4500
008 230917s9999||||xx |||||||||||||| ||und||
040 _e70768
_aMAIN
041 _aEnglish
082 _a332.6725 M666S
100 _aMinns, Richard
245 0 _aState shareholding: the role of local and regional auntorities
260 _aLondon
_bMacmillan
_c1978
300 _aviii, 159 p.
942 _cBK
999 _c194441
_d194441